Our Indian freedom fighters / (Record no. 85058)

MARC details
000 -LEADER
fixed length control field 00746nam a22002177a 4500
005 - DATE AND TIME OF LATEST TRANSACTION
control field 20140814115240.0
010 ## - LCCN (DPL NO)
LC control number B-528972 ENG-110390
020 ## - INTERNATIONAL STANDARD BOOK NUMBER
International Standard Book Number 9788188069538
Terms of availability 275.00
035 ## - SYSTEM CONTROL NUMBER
System control number B-528972
035 ## - SYSTEM CONTROL NUMBER
System control number EN-93922
037 ## - SOURCE OF ACQUISITION
Stock number dpl
Source of stock number/acquisition Janvani Parkashan/Ven
037 ## - SOURCE OF ACQUISITION
Source of stock number/acquisition DBAD/PUB
082 ## - DEWEY DECIMAL CLASSIFICATION NUMBER
Classification number 920
100 ## - MAIN ENTRY--PERSONAL NAME
Personal name Gill, Gurudayal Singh
245 ## - TITLE STATEMENT
Title Our Indian freedom fighters /
Statement of responsibility, etc by Gurudayal Singh Gill
260 ## - PUBLICATION, DISTRIBUTION, ETC. (IMPRINT)
Place of publication, distribution, etc Delhi
Name of publisher, distributor, etc Swarjya Mandir Prakashan
Date of publication, distribution, etc 2012
270 ## - ADDRESS
Address Block C-8, H.No.174, Yamuna Vihaar
City Delhi
Postal code 110053
300 ## - PHYSICAL DESCRIPTION
Extent 160p. :
Dimensions 21cm(Hb)
Other physical details ill.
942 ## - ADDED ENTRY ELEMENTS (KOHA)
Source of classification or shelving scheme Dewey Decimal Classification
Item type English Books
Classification part 920
Call number suffix GIL
Holdings
Withdrawn status Lost status Not for loan Collection code Home library Current library Date acquired Source of acquisition Cost, normal purchase price Full call number Barcode Copy number Cost, replacement price Koha item type
    Not For Loan Non-fiction D.B.Act.Division D.B.Act.Division 04/07/2014 DBAD/PUB 275.00 920 GIL EN-93922 1 275.00 English Books
      Non-fiction Karol Bagh Karol Bagh 12/06/2014 Janvani Prakashan/6177/28.10.2013/30/10.10.2013/2.12.2013 275.00 920 GIL B-528972 1 275.00 English Books

© Delhi Public Library
Hit Counter
free hit counter